| 000 | 00000nam##2200000za#4500 |
| 001 | 9.614850 |
| 003 | CaOODSP |
| 005 | 20220111083446 |
| 007 | ta |
| 008 | 150406|1999||||xxc||||| f|0| 0 eng|d |
| 020 | |a0-662-27928-X |
| 022 | |a1713-0638 |
| 040 | |aCaOODSP|beng |
| 043 | |an-cn--- |
| 086 | 1 |aNE22-1/1999-4E |
| 110 | 1 |aCanada. |bNational Energy Board. |
| 245 | 10|aImperial Oil Resources Limited and Boston Gas Company : |bapplication pursuant to Part VI of the National Energy Board Act for a license to export natural gas |
| 260 | |aCalgary - Alberta : |bNational Energy Board |c1999. |
| 300 | |a17p. ; |c28 cm. |
| 490 | 1 |aReasons for decision|x1713-0638|vJune 1999 |
| 563 | |aSoftcover |
| 590 | |a99-29|b1999-07-23 |
| 690 | 07|aPermits|2gcpds |
| 690 | 07|aExports|2gcpds |
| 775 | 08|tPétrolière Impériale Ressources Limitée et Boston Gas Company : |w(CaOODSP)9.625065 |
| 776 | 0#|tReasons for decision in the matter of Imperial Oil Resources Limited and Boston Gas Company : |w(CaOODSP)9.572588 |
| 830 | #0|aReasons for decision (Canada. National Energy Board)|x1713-0638|vJune 1999|w(CaOODSP)9.514808 |
| 986 | |aGH-1-99 |